000 01822nam a22002657a 4500
005 20240305165621.0
007 cr|||| ||||
008 211111s2014 br |||||s|||| 00||0 por d
020 _a9000000053236
035 _a35369
040 _avLex
090 _c12643
_d12643
100 1 _ade Barros Carvalho, Paulo
245 1 1 _aO Direito e a Família
_h[Recurso electrónico] /
_cPaulo de Barros Carvalho, Ives Gandra Da Silva Martins
256 _aServicio en línea
260 _aSan Pablo:
_bEditora Noeses,
_c2014
300 _a1 recurso electrónico
500 _aTrata-se da segunda obra da União dos Juristas Católicos de São Paulo – UJUCASP. A instituição familiar é a base da sociedade (art. 226 da CF/88). De forma não emocional e despido de preferências ideológicas, o livro propõe a reflexão sobre a preservação dos valores familiares, exclusivamente à luz do direito positivo, não transigindo em conceitos e fundamentos da Carta Magna. Ives Gandra da Silva Martins é Professor Emérito das Universidades Mackenzie, UNIP, UNIFIEO, UNIFMU, do CIEE/O Estado de São Paulo, das Escolas de Comando e Estado-Maior do Exército - ECEME, Superior de Guerra - ESG e da Magistratura do Tribunal Regional Federal da 1ª Região. Paulo de Barros Carvalho é Professor Emérito e Titular da PUC/SP e da USP.
506 1 _aDisponible solo en los productos indicados
_dvLex Global
_dvLex Global (Academic Edition, excluding Law Schools)
_dvLex Global (U.S. Academic Edition, Law Schools)
_dvLex Global (U.S. Academic Edition, excluding Law Schools)
_dvLex Global (Academic Edition, Law Schools)
650 0 4 _aFamilia y Sucesiones
_zBrasil
700 1 _aDa Silva Martins, Ives Gandra
740 0 _avLex Libros (Servicio en línea)
856 4 0 _uhttps://app.vlex.com/#/sources/35369
942 _cRAA
999 _c170879
_d170879